000 00616nam a2200169Ia 4500
001 6541
008 260430s9999 xx 000 0 und d
245 0 _aHow to climb a tree/
_cAparna Nori
260 _aIndia;
_bEditions JoJo;
_c2024
300 _a78p;
_c23x17cm
520 _aAparna's deeply lyrical photobook is a personal, intuitive image series that episodically documents a timespan when her 10-year-old son was living in a boarding school in Madanapalle, India.
546 _aEnglish
650 _aTR624-835 Technology- Applied Photography
651 _aIndia
655 _aPhotobook
_99375
942 _cBK
999 _c6541
_d6541